| 000 | 00513nam a22001937a 4500 | ||
|---|---|---|---|
| 003 | OSt | ||
| 005 | 20210420065214.0 | ||
| 008 | 201127s1987 ||||| |||| 00| 0 eng d | ||
| 040 |
_aeng _bDLC _ceng |
||
| 041 | _aeng | ||
| 080 |
_a611 _bH-32 |
||
| 100 |
_9429 _aHarvey, William |
||
| 245 |
_aThe Anatomical Exercises of Dr. William Harvey _c/ by: Lederle Ex Libris |
||
| 260 |
_aWayne _bLederle Ex Libris _c1987 |
||
| 300 | _a111 p. | ||
| 650 | 0 |
_968 _aAnatomy |
|
| 653 | _aანატომია | ||
| 942 |
_2udc _cBK |
||
| 999 |
_c505 _d505 |
||